| 000 | 00885nam a2200241 i 4500 | ||
|---|---|---|---|
| 001 | 000048232 | ||
| 003 | DO-SdBNP | ||
| 005 | 20250613092457.0 | ||
| 007 | ta | ||
| 008 | 181207s2015 dr a r 000 0 spa d | ||
| 020 | _a9789945900439 | ||
| 040 |
_aDO-SdBNP _bspa _cBNPHU |
||
| 082 | 4 |
_axxxx _bM181p _222 |
|
| 100 | 1 |
_aMadera Soriano, Luz Inmaculada, _eautor _4aut. _975030 |
|
| 245 | 1 | 3 |
_aEl plan nacional de alfabetización Quisqueya Aprende Contigo : _buna política pública social en República Dominicana / _cLuz Inmaculada Madera Soriano. |
| 264 | 1 |
_aSanto Domingo : _bCátedra Iberoamericana OEI Alfabetización y Educación de Adultos, _c2015. |
|
| 300 |
_a54 páginas : _bilustraciones ; _c28 cm. |
||
| 336 |
_atexto _btxt _2rdacontent |
||
| 337 |
_asin mediación _bn _2rdamedia |
||
| 338 |
_avolumen _bnc _2rdacarrier |
||
| 590 | _aInventariado, 2019 / DG | ||
| 942 |
_2ddc _cLBS1 |
||
| 999 |
_c47720 _d47720 |
||